[Event "Bairro Buritizal Amapaense-ch"]
[Site "Bairro Buritizal"]
[Date "2021.06.26"]
[Round "3"]
[White "Teles, Elder De Oliveira"]
[Black "Pereira, Marcos Vinicius Fer"]
[Result "1-0"]
[WhiteElo "1810"]
[BlackElo "1447"]
[PlyCount "145"]
[EventDate "2021.06.25"]
[EventType "swiss"]
[EventRounds "5"]
[EventCountry "BRA"]
[SourceTitle "EXT 2022"]
[Source "ChessBase"]
[SourceDate "2021.10.06"]
[SourceVersion "1"]
[SourceVersionDate "2021.10.06"]
[SourceQuality "1"]

1. c4 c5 2. Nc3 Nf6 3. Nf3 Nc6 4. g3 g6 5. Bg2 Bg7 6. 0-0 0-0 7. d3 d6 8. Rb1 a6 9. a3 Rb8 10. Nd5 Nd4 11. Nxd4 Nxd5 12. Nf3 Nf6 13. b4 b6 14. bxc5 dxc5 15. Bf4 Rb7 16. Nd2 Rd7 17. Bc6 Rd4 18. Nb3 Rxf4 19. gxf4 Qc7 20. Bg2 Qxf4 21. Qd2 Qh4 22. Qe3 Nh5 23. Nd2 Bd4 24. Qe4 Qf6 25. Qf3 Qh4 26. h3 Nf4 27. e3 Nxg2 28. Kxg2 Bg7 29. Rxb6 Be6 30. Qg3 Qf6 31. Kg1 Qc3 32. Ne4 Qxa3 33. Rb8 Qxd3 34. Rxf8+ Bxf8 35. Nxc5 Qxc4 36. Nxe6 Qxe6 37. Rd1 Qb6 38. Qe5 e6 39. Qd4 Qa5 40. Qd8 Qf5 41. Rc1 Qxh3 42. Rc8 Qh6 43. Ra8 Qg7 44. Rxa6 Qb2 45. Rb6 Qc1+ 46. Kg2 Qc3 47. Rb8 Qc5 48. Qf6 Qd5+ 49. Qf3 Qxf3+ 50. Kxf3 Kg7 51. Rb7 Bd6 52. Kg4 h6 53. e4 Kf6 54. f4 Bc5 55. Rb5 Be3 56. Kf3 Bg1 57. Rb7 Bd4 58. e5+ Kg7 59. Kg4 Bf2 60. Kf3 Be1 61. Kg4 Bf2 62. Kf3 Bg1 63. Kg4 Bf2 64. Kf3 Be1 65. Ke4 h5 66. Rb1 Bg3 67. Kf3 h4 68. Kg4 f5+ 69. Kg5 Bxf4+ 70. Kxf4 Kh6 71. Rb6 g5+ 72. Kf3 g4+ 73. Kf4 1-0

[Event "Macapa Amapaense Cup"]
[Site "Macapa"]
[Date "2020.11.21"]
[Round "4"]
[White "Machado, Hualason Jose Soare"]
[Black "Teles, Elder De Oliveira"]
[Result "1-0"]
[WhiteElo "2053"]
[BlackElo "1815"]
[PlyCount "61"]
[EventDate "2020.11.20"]
[EventType "swiss"]
[EventRounds "5"]
[EventCountry "BRA"]
[SourceTitle "CBM 199 Extra"]
[Source "ChessBase"]
[SourceDate "2021.01.31"]
[SourceVersion "1"]
[SourceVersionDate "2021.01.31"]
[SourceQuality "1"]

1. d4 d5 2. Nc3 Nf6 3. f3 Bf5 4. g4 Bg6 5. h4 h5 6. g5 Ng8 7. Nh3 e6 8. Nf4 Bd6 9. e4 Bxf4 10. Bxf4 Ne7 11. Qd3 0-0 12. 0-0-0 a6 13. Ne2 dxe4 14. fxe4 Nd5 15. Bd2 a5 16. Bg2 Ra6 17. Qf3 Nb6 18. Nf4 Qxd4 19. Bc3 Qa4 20. Rhf1 N8d7 21. Nxh5 e5 22. Kb1 Nc4 23. Ng3 Rb6 24. Ka1 Qxc2 25. Rf2 Qa4 26. h5 Bh7 27. Rxd7 Qxd7 28. g6 Bxg6 29. hxg6 Rxg6 30. Nf5 Rxg2 31. Rxg2 1-0

[Event "Macapa Franco Memorial 7th"]
[Site "Macapa"]
[Date "2019.09.15"]
[Round "5"]
[White "Teles, Elder De Oliveira"]
[Black "Dos Santos, Paulo Silva"]
[Result "0-1"]
[WhiteElo "1829"]
[BlackElo "1580"]
[PlyCount "80"]
[EventDate "2019.09.13"]
[EventType "swiss"]
[EventRounds "6"]
[EventCountry "BRA"]
[SourceTitle "EXT 2020"]
[Source "ChessBase"]
[SourceDate "2019.10.17"]
[SourceVersion "1"]
[SourceVersionDate "2019.10.17"]
[SourceQuality "1"]

1. d4 Nf6 2. Bg5 e6 3. Nf3 d5 4. e3 Nbd7 5. Bd3 Be7 6. Nbd2 c5 7. c4 0-0 8. 0-0 b6 9. cxd5 Nxd5 10. Bxe7 Qxe7 11. a3 Bb7 12. Rc1 Rac8 13. dxc5 Nxc5 14. Bb1 Nf6 15. b4 Nce4 16. Nxe4 Bxe4 17. Bxe4 Nxe4 18. Qd3 Nf6 19. Qa6 Rc7 20. Rfd1 Rd8 21. h3 h6 22. Nd4 Rcd7 23. Kh2 h5 24. Re1 Ne4 25. Kg1 Qh4 26. Rf1 Rd5 27. Rc8 Rxc8 28. Qxc8+ Kh7 29. Nf3 Qe7 30. Rc1 Qd6 31. Nd4 Rg5 32. f4 Rg3 33. Qb7 Rxe3 34. Qxf7 Nf6 35. Nf3 Qxf4 36. Rc7 Qg3 37. Rc2 Rxf3 38. Qb7 Rxa3 39. Rf2 Ra1+ 40. Rf1 Qe3+ 0-1

[Event "Macapa Franco Memorial 6th"]
[Site "Macapa"]
[Date "2018.10.13"]
[Round "4"]
[White "Teles, Elder De Oliveira"]
[Black "Miranda, Luiz Paula"]
[Result "0-1"]
[WhiteElo "1849"]
[BlackElo "2029"]
[PlyCount "92"]
[EventDate "2018.10.11"]
[EventType "swiss"]
[EventRounds "6"]
[EventCountry "BRA"]
[SourceTitle "CBM 186 Extra"]
[Source "ChessBase"]
[SourceDate "2018.08.24"]
[SourceVersion "1"]
[SourceVersionDate "2018.08.24"]
[SourceQuality "1"]

1. d4 d5 2. Nc3 e6 3. Nf3 Be7 4. Bf4 Nf6 5. e3 a6 6. Bd3 c5 7. dxc5 Nc6 8. a3 Bxc5 9. 0-0 0-0 10. b4 Bd6 11. Bg5 Ne5 12. Rb1 h6 13. Bh4 Bd7 14. Qe2 Rc8 15. Na2 Nxd3 16. cxd3 e5 17. Rfc1 Qe7 18. Nc3 Be6 19. d4 e4 20. Ne5 g5 21. Bg3 b5 22. Na2 Bxe5 23. dxe5 Nd7 24. Qh5 Kg7 25. h4 d4 26. Rxc8 Rxc8 27. Rc1 Rxc1+ 28. Nxc1 d3 29. Qd1 Bc4 30. Nb3 Bxb3 31. Qxb3 Nxe5 32. Qc3 f6 33. hxg5 hxg5 34. Qd4 Nc4 35. Kf1 Kg6 36. f3 f5 37. f4 Qf6 38. Qxf6+ Kxf6 39. fxg5+ Kxg5 40. Kf2 Nxa3 41. Bf4+ Kg4 42. Bd6 Nc4 43. Bf4 a5 44. bxa5 Nxa5 45. Ke1 Nc4 46. Kd1 b4 0-1

[Event "Belem Gambito da Dama op 1st U2000"]
[Site "Belem"]
[Date "2018.02.02"]
[Round "1.5"]
[White "De Vilhena, Cleriston Mubarak T"]
[Black "Teles, Elder De Oliveira"]
[Result "0-1"]
[WhiteElo "1662"]
[BlackElo "1859"]
[PlyCount "46"]
[EventDate "2018.02.12"]
[EventType "swiss"]
[EventRounds "5"]
[EventCountry "BRA"]
[SourceTitle "EXT 2022"]
[Source "ChessBase"]
[SourceDate "2021.10.06"]
[SourceVersion "1"]
[SourceVersionDate "2021.10.06"]
[SourceQuality "1"]

1. d4 Nf6 2. c4 c5 3. d5 d6 4. Nc3 e5 5. e4 Be7 6. Nf3 0-0 7. Be2 Bg4 8. 0-0 Na6 9. a3 Nc7 10. h3 Bh5 11. b4 b6 12. bxc5 bxc5 13. Rb1 Rb8 14. Bd2 Rxb1 15. Qxb1 Qb8 16. Qc2 Nd7 17. Rb1 Qc8 18. Qa4 a6 19. Qb3 f5 20. Qb7 fxe4 21. Nxe4 Qb8 22. Ba5 Na8 23. Nc3 Qc8 0-1

[Event "Amapa-ch 12th"]
[Site "Macapa"]
[Date "2017.12.26"]
[Round "6.1"]
[White "Teles, Elder De Oliveira"]
[Black "De Souza Monteiro, Marcos Paulo"]
[Result "1/2-1/2"]
[WhiteElo "1859"]
[BlackElo "1985"]
[PlyCount "86"]
[EventDate "2017.12.22"]
[EventType "tourn"]
[EventRounds "10"]
[EventCountry "BRA"]
[SourceTitle "EXT 2022"]
[Source "ChessBase"]
[SourceDate "2021.10.06"]
[SourceVersion "1"]
[SourceVersionDate "2021.10.06"]
[SourceQuality "1"]

1. c4 c6 2. Nc3 Nf6 3. Nf3 d5 4. e3 e6 5. Be2 Be7 6. 0-0 0-0 7. cxd5 exd5 8. d4 Nbd7 9. b3 Re8 10. a4 Bd6 11. Ba3 Bxa3 12. Rxa3 Qe7 13. Ra1 Ne4 14. Qc2 Ndf6 15. Nxe4 Nxe4 16. Bd3 Bf5 17. Rfe1 Rac8 18. Bxe4 dxe4 19. Nd2 Qg5 20. Nf1 Re6 21. Ng3 Rg6 22. Qc5 Bg4 23. Qxg5 Rxg5 24. Nxe4 Rg6 25. Nc5 Bf3 26. g3 Rd8 27. Nd3 f6 28. Nf4 Rh6 29. Rac1 g5 30. Ng2 Rh3 31. Rc5 Kg7 32. Rec1 Rd6 33. Ne1 Bd5 34. f3 f5 35. R1c2 Bxb3 36. Rb2 b6 37. Rxf5 Kg6 38. Rf8 Bxa4 39. Ra8 Rd7 40. Nd3 Kf6 41. Ne5 Rc7 42. Kg2 Rh5 43. Rd8 c5 1/2-1/2